Catálogo

Vista normal Vista MARC

Entrada Personal Name

Número de registros utilizados en: 1

001 - CONTROL NUMBER

  • control field: 12761

003 - CONTROL NUMBER IDENTIFIER

  • control field: DLC

005 - DATE AND TIME OF LATEST TRANSACTION

  • control field: 20220614103346.0

008 - FIXED-LENGTH DATA ELEMENTS

  • fixed length control field: 821217n| azannaabn |a aaa

010 ## - LIBRARY OF CONGRESS CONTROL NUMBER

  • LC control number: n 82138351
  • Canceled/invalid LC control number: n 50069187

035 ## - SYSTEM CONTROL NUMBER

  • System control number: (OCoLC)oca00834505

040 ## - CATALOGING SOURCE

  • Original cataloging agency: DLC
  • Language of cataloging: spa
  • Transcribing agency: Mx-PuUPA
  • Modifying agency: OCoLC
  • Modifying agency: CSt
  • Description conventions: rda
  • Modifying agency: NNC
  • Modifying agency: Mx-PuUPA

100 1# - HEADING--PERSONAL NAME

  • Personal name: Lozada Lora, Rodrigo,

372 ## - FIELD OF ACTIVITY

  • Field of activity: Ciencias políticas
  • Source of term: lcsh

373 ## - ASSOCIATED GROUP

  • Associated group: Georgetown University

374 ## - OCCUPATION

  • Occupation: Científico político
  • Occupation: Autor

375 ## - GENDER

  • Gender: hombre

377 ## - ASSOCIATED LANGUAGE

  • Language code: spa

400 1# - SEE FROM TRACING--PERSONAL NAME

  • Personal name: Lora, Rodrigo Lozada

400 1# - SEE FROM TRACING--PERSONAL NAME

  • Personal name: Lozada, Rodrigo

400 1# - SEE FROM TRACING--PERSONAL NAME

  • Control subfield: nna
  • Personal name: Losada, Rodrigo

400 1# - SEE FROM TRACING--PERSONAL NAME

  • Personal name: Losada Lora, Rodrigo

400 1# - SEE FROM TRACING--PERSONAL NAME

  • Personal name: Losada L., Rodrigo
  • Fuller form of name: (Losada Lora)

670 ## - SOURCE DATA FOUND

  • Source citation: His Identificación y participación política en Colombia, 1981, i.e. 1982:
  • Information found: t.p. (Rodrigo Lozada Lora) cover (Rodrigo Lozada)

670 ## - SOURCE DATA FOUND

  • Source citation: Lara Bonilla, R. Los partidos pol. colomb., 1983:
  • Information found: t.p. (Rodrigo Lozada Lora) p. 6 (Dr. Rodrigo Losada; politólogo egresado de Georgetown University)

670 ## - SOURCE DATA FOUND

  • Source citation: Las Elecciones de 1978 en Colombia, 1979:
  • Information found: t.p. (Rodrigo Losada Lora)

670 ## - SOURCE DATA FOUND

  • Source citation: Enfoques para el análisis político, 2008:
  • Information found: t.p. (Rodrigo Losada L.)